Normal view
MARC view
Entry Personal Name
001 - CONTROL NUMBER
- control field: 41007
003 - CONTROL NUMBER IDENTIFIER
- control field: dpl
005 - DATE AND TIME OF LATEST TRANSACTION
- control field: 20120207100713.0
008 - FIXED-LENGTH DATA ELEMENTS
- fixed length control field: 120207|||a|||||| | ||| d
040 ## - CATALOGING SOURCE
- Original cataloging agency: dpl
- Transcribing agency: dpl
100 ## - HEADING--PERSONAL NAME
- Personal name: शुक्ल, दुर्गाप्रसाद
670 ## - SOURCE DATA FOUND
- Source citation: Work cat.: (dpl): शुक्ल, दुर्गाप्रसाद, द्वादश भाव रहस्य /, 2002
670 ## - SOURCE DATA FOUND
- Source citation: Work cat.: (dpl): शुक्ल, दुर्गाप्रसाद, द्वादश भाव रहस्य /, 2002
